Tilastot visalle Sanat: "Sunnuntaina sataa aina" - Tapio Rautavaara

Klikkaa tästä pelataksesi tätä visaa!

Yleistilastot

  • Tätä visaa on pelattu 7 kertaa
  • Keskiarvotulos 77 / 126

Vastaustilastot

HintVastaus% Oikein
ain
100%
aina
100%
nyt
100%
2.On
100%
on
100%
sade
100%
sataa
100%
sunnuntai
100%
sunnuntain
100%
Sunnuntaina
100%
ihmislapsi
83%
kai
83%
pilvet
83%
sadepäivä
83%
sai
83%
toivoi
83%
vettyi
83%
almanakkaa
67%
4.Arkipäivä
67%
auringolla
67%
Eipä
67%
heijastusta
67%
ikkunain
67%
istun
67%
ja
67%
kaiken
67%
kanssa
67%
ken
67%
kiihtyi
67%
kiusaa
67%
koko
67%
lehden
67%
meidän
67%
miksi
67%
musta
67%
niin
67%
niinkuin
67%
noutaa
67%
ois
67%
olla
67%
paljon
67%
pettyi
67%
pian
67%
pois
67%
retkelle
67%
sen
67%
taida
67%
Tässä
67%
tehden
67%
tie
67%
tietää
67%
toisten
67%
1.Tuuli
67%
työtä
67%
Vähän
67%
vain
67%
vie
67%
vois
67%
Yksi
67%
aurinkoista
50%
en
50%
lie
50%
linnut
50%
missä
50%
näin
50%
niljainen
50%
nurmennukka
50%
päivä
50%
seitsemästä
50%
tästä
50%
toivoin
50%
Valo
50%
yksin
50%
3.Jospa
33%
kukka
33%
Kumarassa
33%
märkä
33%
Oisin
33%
saan
33%
seisoo
33%
voinut
33%
erään
17%
itkee
17%
itse
17%
joita
17%
oiskin
17%
ollut
17%
päivän
17%
pelkkää
17%
pettää
17%
pettymystä
17%
poutaa
17%
raita
17%
rannan
17%
sadekuurollaan
17%
Sekin
17%
sunnuntaita
17%
Sunnuntaitkin
17%
surullista
17%
tämän
17%
Tuolla
17%
tuottaa
17%
viettää
17%
vuottaa
17%
Yhden
17%

Tulosjakauma

Persentiili vastausten määrän mukaan

Jokaisen tuloksen saaneiden osuus

Tuloshistoriasi

Et ole pelannut tätä visaa